Two 'M' Words by One Hint Quiz Stats

 Plays Quiz Updated May 3, 2018

Challenge
Share
Tweet
Embed
Score 0/20 Timer 04:00
7 Plays Today
% Correct
Maybelline Mascara
95.7%
Miami Marlins
94.4%
Mickey Mouse
94.3%
Mary Magdalene
93.7%
Magic Mirror
91%
Mercury Marquis
90.9%
Merry Men
90%
Mystery Machine
90%
Mad Max
89.7%
Matthew McConaughey
89.5%
% Correct
Mickey Mantle
87.3%
Mount Mitchell
87%
Mighty Mouse
86.7%
Mad Men
84.5%
March Madness
83.8%
Mr. Moose
80.5%
Mind Meld
76.8%
Manfred Mann
74.7%
Mad Magazine
71.1%
Mr. Mister
65.5%

You're not logged in!

Compare scores with friends on all Sporcle quizzes.
Join for Free
OR
Log In

You Might Also Like...

Show Comments

Extras

Top Quizzes Today


Score Distribution

Your Account Isn't Verified!

In order to create a playlist on Sporcle, you need to verify the email address you used during registration. Go to your Sporcle Settings to finish the process.

Report this User

Report this user for behavior that violates our Community Guidelines.

Details: